LEADER 01379nam a2200337 u 4500 001 000000075737 003 CaOOAMICUS 005 20070226123131.0 008 031020s1996 gw u000 u ger u 020 $a3170144375 035 $a10973430 040 $aPUL$bita 100 1 $aHober, David.$0(OLS)http://pul/name/50367 245 14$aDie Radiopredigt :$bein Beitrag zur Rundfunkhomiletik /$cDavid Hober. 260 $aStüttgart :$bKohlhammer,$cc1996. 300 $a238 p. ;$c24 cm 490 1 $aPraktische Theologie heute ;$vBd. 25 504 $aBibliografia: p. 221-238. 650 4$aRadio.$0(OLS)http://pul/subject/25498 650 4$aMezzi di comunicazione.$0(OLS)http://pul/subject/14814 650 4$aReligione e società.$0(OLS)http://pul/subject/4382 650 4$aPredicazione.$0(OLS)http://pul/subject/7064 830 0$aPraktische Theologie heute ;$vBd. 25.$0(OLS)http://pul/title/99374 850 $aPUL 852 $aPUL$W1$xSL Religione 1$y3$m54 O 25$j97385$nBK-PRI$b $qStampati$B97385$CPULBib$Z2$F97385 $H92721 $81 941 1 $a8 960 $aOmelie$97064 960 $aOmelie$97064 996 $6020$a3170144375$9(OLS)http://pul/number/99002 996 $6245$aDie Radiopredigt :$bein Beitrag zur Rundfunkhomiletik$9(OLS)http://pul/title/99378 996 $6260$aStüttgart :$bKohlhammer$9(OLS)http://pul/publisher/50537 LEADER 01062nam a2200241 a 4500 001 000000171256 003 CaOOAMICUS 005 20181221105219.0 008 181221s1929 it u000 u ita r 032 $aLibriCat 040 $aPUL$bita 100 1 $aFesta, Nicola,$d1866-1940.$0(OLS)http://pul/name/5815 245 13$aLo stile di Teodoreto nella "Terapia" /$cnota di Nicola Festa. 260 $aRoma :$bGiovanni Bardi,$c1929. 300 $a5 p. ;$c24 cm. 500 $aEstr. dai Rendiconti della Classe di Scienze morali, storiche e filologiche, ser. VI. vol. IV. fasc. 11-12, seduta del 16 dicembre 1928. 850 $aPUL 852 $aPUL$W1$xDP1 Miscellanee$y10$mMISC HIST 10 int.11$j194933$qStampati Miscellanee$B199833$CPULBib$Z2$F199833 $H22751 $81 941 1 $a17 961 $aSul dorso del volume rilegato Historica / Pio Paschini, E-F. 996 $6245$aLo stile di Teodoreto nella "Terapia"$9(OLS)http://pul/title/212098 996 $6260$aRoma :$bGiovanni Bardi$9(OLS)http://pul/publisher/87132